United States/Canada trade agreement : hearing before the Committee on Small Business, House of Representatives, One hundredth Congress, first session, Washington, DC, July 8, 1987.

Bibliographic Details
Corporate Authors: United States. Congress. House. Committee on Small Business, ProQuest (Firm)
Format: Government Document eBook
Language:English
Published: Washington : U.S. G.P.O., 1987.
Series:U.S. Congressional Hearings.
Subjects:
Online Access:Connect to the full text of this electronic book

MARC

Tag First Indicator Second Indicator Subfields
LEADER 00000cam a22000001a 4500
001 in00003217813
005 20190404184158.0
006 m d f
007 cr bn mmmapmmp
008 091020s1987 dcua ob f000 0 eng d
035 |a cis2007453739 
040 |a UMI  |c UMI  |d UtOrBLW 
043 |a n-us--- 
074 |a 1031-A, 1031-B (microfiche) 
086 0 |a Y 4.Sm 1:100-15 
088 |a Serial no. 100-15 (United States. Congress. House. Committee on Small Business) 
099 |a HRG-1987-SMB-0035 
110 1 |a United States.  |b Congress.  |b House.  |b Committee on Small Business. 
245 1 0 |a United States/Canada trade agreement :  |b hearing before the Committee on Small Business, House of Representatives, One hundredth Congress, first session, Washington, DC, July 8, 1987. 
264 1 |a Washington :  |b U.S. G.P.O.,  |c 1987. 
300 |a 1 online resource. 
336 |a text  |b txt  |2 rdacontent 
337 |a computer  |b c  |2 rdamedia 
338 |a online resource  |b cr  |2 rdacarrier 
500 |a Record is based on bibliographic data in ProQuest Congressional Hearings Digital Collection. Reuse except for individual research requires license from ProQuest, LLC. 
504 |a Bibliography: pages 73-74. 
538 |a System requirements: PDF reader software. 
500 |a Electronic resource. 
650 0 |a Commercial treaties. 
651 0 |a United States  |x Foreign economic relations  |z Canada. 
651 0 |a Canada  |x Foreign economic relations  |z United States. 
655 7 |a Electronic books.  |2 local 
710 2 |a ProQuest (Firm) 
776 0 8 |i Print version:  |a United States. Congress. House. Committee on Small Business.  |t United States/Canada trade agreement  |w (OCoLC)17274273  |w gp 88006296 
776 0 8 |i Microfiche version:  |a United States. Congress. House. Committee on Small Business.  |t United States/Canada trade agreement.  |d [Bethesda, Md.] : ProQuest,[2004]  |o CIS 88 H721-5  |w (ProQuest)cis08801386 
830 0 |a U.S. Congressional Hearings. 
856 4 0 |u http://proxy.library.tamu.edu/login?url=http://congressional.proquest.com/congcomp/getdoc?HEARING-ID=HRG-1987-SMB-0035  |z Connect to the full text of this electronic book  |t 0 
998 |a cis08801386 
999 |a MARS 
999 f f |s 9331a057-1423-3e91-8a11-fce708bc33b1  |i eedc4272-a4a0-332d-893c-8260d44cd17a  |t 0 
952 f f |a Texas A&M University  |b College Station  |c Electronic Resources  |d Available Online  |t 0  |e HRG-1987-SMB-0035  |h Other scheme 
998 f f |a HRG-1987-SMB-0035  |t 0  |l Available Online